Lionel trilling: criticism and politics (Record no. 224600)

MARC details
000 -LEADER
fixed length control field 00389nam a2200145Ia 4500
008 - FIXED-LENGTH DATA ELEMENTS--GENERAL INFORMATION
fixed length control field 230917s9999||||xx |||||||||||||| ||und||
040 ## - CATALOGING SOURCE
-- 40514
Original cataloging agency VIVEKANANDA LIBRARY
041 ## - Language
-- English
082 ## - DDC NUMBER
Classification number 810.9 T735C:l
100 ## - MAIN ENTRY--PERSONAL NAME
Personal name Chace, Williams M
245 #0 - TITLE STATEMENT
Title Lionel trilling: criticism and politics
260 ## - PUBLICATION, DISTRIBUTION, ETC. (IMPRINT)
Place of publication, distribution, etc California
Name of publisher, distributor, etc Stanford University Press
Date of publication, distribution, etc 1980
300 ## - PHYSICAL DESCRIPTION
Pages xii, 207 p.
942 ## - ADDED ENTRY ELEMENTS (KOHA)
Koha item type Books
Holdings
Withdrawn status Lost status Damaged status Not for loan Location (home branch) Sublocation or collection (holding branch) Date acquired Koha issues (times borrowed) Koha full call number Accession No. Koha date last seen Koha item type
        VIVEKANANDA LIBRARY VIVEKANANDA LIBRARY 07/11/2002   810.9 T735C:l 91249 17/09/2023 Books
© Designed and Maintained by Vivekananda Library, MDU Rohtak